इंद्रयणी काठी (Record no. 368570)

MARC details
000 -LEADER
fixed length control field 00302nam a2200121Ia 4500
005 - DATE AND TIME OF LATEST TRANSACTION
control field 20251013221650.0
008 - FIXED-LENGTH DATA ELEMENTS--GENERAL INFORMATION
fixed length control field 251010s9999 xx 000 0 und d
041 ## - LANGUAGE CODE
Language code of text/sound track or separate title mar
100 ## - MAIN ENTRY--PERSONAL NAME
Personal name भट र.
9 (RLIN) 214288
245 ## - TITLE STATEMENT
Title इंद्रयणी काठी
260 ## - PUBLICATION, DISTRIBUTION, ETC. (IMPRINT)
Name of publisher, distributor, etc. Indrayani
Date of publication, distribution, etc. 1993
300 ## - PHYSICAL DESCRIPTION
Extent 351
Holdings
Withdrawn status Lost status Damaged status Not for loan Home library Current library Date acquired Cost, normal purchase price Bill number Total Checkouts Barcode Date last seen Bill Date Koha item type Original Barcode
        Shri Siddhivinayak Mahila Mahavidyalaya Shri Siddhivinayak Mahila Mahavidyalaya 10/05/2014 100.00 424   SSMM-ABK-010000574 13/10/2025 18/07/1995 Books ABK010000574